000 00550nam a22001697a 4500
999 _c12035
_d12035
008 220224b 2016 ||||| |||| 00| 0 eng d
020 _a9788182748910
082 _a387.509
_bGUP
100 _aGupta, Sadanand
245 _aShipping industry in India : colonialism to Globalisation ( a spatio-temporal analysis
260 _aNew Delhi
_bPentagon Press
_c2016
300 _axxii,165p.
650 _aPort Traffic : Composition and volume
650 _aPort performance and Productivity
650 _aGovernance in the Port System
942 _cBK